000
00307nam a2200133Ia 4500
100
_a
Feibel Werner
942
_c
BK
654
_a
Turbo pascal handbook 7
245
_a
Turbo pascal 7 : Handbook
260
_b
Obsorne/ McGraw - Hill
_a
New Delhi
_c
1998
300
_a
456
546
_a
ENGLISH
999
_c
20119
_d
20119